Zákon o strategických podnikoch z pohľadu medzinárodných investičných záväzkov Slovenskej republiky
Analýza prijatého zákona o strategických podnikoch a poukázanie na jednotlivé jeho ustanovenia z pohľadu ich koherencie s medzinárodnými investičnými záväzkami Slovenskej republiky. Ohrozenia v spojení s inštitútom vyvlastnenia investícií a prevodom kapitálu, ktoré garantujú najmä platné bilaterálne...
Gespeichert in:
| 1. Verfasser: | |
|---|---|
| Format: | Buchkapitel |
| Sprache: | Slowakisch |
| Schlagworte: | |
| Tags: |
Keine Tags, Fügen Sie das erste Tag hinzu!
|
MARC
| LEADER | 00000nla$a2200000$$$4500 | ||
|---|---|---|---|
| 001 | 0117177 | ||
| 005 | 20240502072317.1 | ||
| 041 | 0 | |a slo | |
| 044 | |a SK | ||
| 245 | 1 | 0 | |a Zákon o strategických podnikoch z pohľadu medzinárodných investičných záväzkov Slovenskej republiky |c Milan Budjač |
| 520 | |a Analýza prijatého zákona o strategických podnikoch a poukázanie na jednotlivé jeho ustanovenia z pohľadu ich koherencie s medzinárodnými investičnými záväzkami Slovenskej republiky. Ohrozenia v spojení s inštitútom vyvlastnenia investícií a prevodom kapitálu, ktoré garantujú najmä platné bilaterálne investičné zmluvy. Otázky inkorporovania inštitútu konkurzu do návrhu zákona, ktorý sa javí ako správna cesta dosiahnutia cieľa zákona. | ||
| 610 | 2 | 0 | |a zákony |
| 610 | 2 | 0 | |a legislatíva |
| 610 | 2 | 0 | |a podnik strategický |
| 610 | 2 | 0 | |a vlastníctvo |
| 610 | 2 | 0 | |a energia |
| 610 | 2 | 0 | |a plyn |
| 610 | 2 | 0 | |a voda |
| 610 | 2 | 0 | |a investície |
| 610 | 2 | 0 | |a záväzky |
| 610 | 2 | 0 | |a konkurzy |
| 610 | 2 | 0 | |a Slovensko |
| 100 | 1 | |a Budjač, Milan | |